000 00739nam a2200205 a 4500
005 20240920063903.0
008 991125s1956 fr 000 0 spa u
035 _aUPN01000017615
049 _aCG
050 4 _aLA475
_bH6.3
100 1 _aHowes, H. W.
245 1 0 _aEducación fundamental, educación de adultos, alfabetización y educación de la comunidad en la región del Caribe /
_cpor H. W. Howes.
260 _aParís :
_bUNESCO,
_c1956.
300 _a86 p
440 0 _aEstudios y documentos de educación ;
_v15
500 _a"Informe preparado para la sexta reunión de la conferenciade las Antillas, Puerto Rico"
650 4 _aEducación
_zCaribe (Región)
_915036
650 4 _aEducación de adultos
_9956
905 _aLibro
999 _c17615
_d17615